Common YouTube Play Buttons - Statistics

General Stats
  • This quiz has been taken 43 times
  • The average score is 4 of 5
Answer Stats
Amount of subscribers to get it Play Button % Correct
1,000,000 Gold Play Button
100%
100,000 Silver Play Button
100%
10,000,000 Diamond Play Button
96%
100,000,000 Red Diamond Play Button
48%
50,000,000 Custom Play Button
37%
No matching quizzes found
Score Distribution
Percent of People with Each Score
Percentile by Number Answered
Your Score History
You have not taken this quiz